Vista normal
Vista MARC
- Figueroa, Miguel
Entrada Nombre de persona
Número de registros utilizados en: 2
001 - NÚMERO DE CONTROL
- campo de control: 2209
003 - IDENTIFICADOR DEL NÚMERO DE CONTROL
- campo de control: ES-MaFIAP
005 - FECHA Y HORA DE LA ÚLTIMA TRANSACCIÓN
- campo de control: 20231218123637.0
008 - DATOS DE LONGITUD FIJA
- campo de control de longitud fija: 231218|| aca||aabn | a|a d
040 ## - FUENTE DE LA CATALOGACIÓN
- Centro catalogador/agencia de origen: ES-MaFIAP
- Centro/agencia transcriptor: ES-MaFIAP
100 ## - ENCABEZAMIENTO-NOMBRE DE PERSONA
- Nombre de persona: Figueroa, Miguel
670 ## - FUENTE DE DATOS ENCONTRADOS
- Cita de la fuente: Work cat.: (ES-MaFIAP)854: Zubillaga, Ainara XX4615556 2207, El acceso de las personas con discapacidad al empleo público. Guía para opositores , [2007]





